000 00434nam a2200157 i 4500
001 89778
003 ES-MaACL
005 20230906180251.0
007 t|
008 050113s1925 fr ||||1| fre d
100 1 _aLaurand, L.
_970610
245 1 0 _aManuel des études grecques et latines /
_cL. Laurand.
260 _aParis :
_b[s.n.],
_c1925 (
_eMesnil :
_fF. Didot)
300 _aVII, 933 p. ;
_c21 cm.
852 _aES-MaACL
_jF-1534
999 _c89778
_d89778